[Event "Chigorin Memorial 2018"]
[Site "St. Petersburg"]
[Date "2018.10.30"]
[Round "4.56"]
[White "Gomes, Mary Ann"]
[Black "Martynyuk, Elizaveta"]
[Result "0-1"]
[WhiteElo "2302"]
[BlackElo "2076"]
[PlyCount "134"]
[EventDate "2018.10.27"]
[EventType "swiss"]
[EventCountry "RUS"]
[WhiteTeam "Indien"]
[BlackTeam "Russland"]
[WhiteTeamCountry "IND"]
[BlackTeamCountry "RUS"]

1. Nf3 Nf6 2. g3 d5 3. Bg2 Bf5 4. d3 h6 5. b3 e6 6. O-O c6 7. Bb2 Be7 8. Nbd2 O-O 9. Qe1 a5 10. a3 Na6 11. e4 dxe4 12. dxe4 Bh7 13. Qe2 Qc7 14. Be5 Qc8 15. Nc4 Nd7 16. Rfd1 Nxe5 17. Nfxe5 Bf6 18. f4 Bxe5 19. fxe5 Qc7 20. Rf1 Nc5 21. Rad1 b5 22. Qe3 Nd7 23. Qd4 bxc4 24. Qxd7 Qxe5 25. Qxc6 cxb3 26. cxb3 Rac8 27. Qd6 Qb2 28. Qb6 Rc2 29. Bf3 Bg6 30. a4 Rfc8 31. Rb1 Qc3 32. Rf2 Rxf2 33. Qxf2 Qd3 34. Qf1 Bxe4 35. Bxe4 Qxe4 36. Qe1 Qf5 37. Rb2 Qc5+ 38. Rf2 Qg5 39. Qe4 Qc1+ 40. Kg2 Qc6 41. Re2 Qxe4+ 42. Rxe4 Rc2+ 43. Kg1 Rb2 44. Re5 Rxb3 45. Rxa5 Ra3 46. Ra7 Ra2 47. a5 g5 48. a6 Kg7 49. g4 Kf6 50. h3 Kg6 51. Ra8 Kh7 52. Kf1 Kg6 53. Ke1 Kf6 54. Kd1 Ke5 55. Ra7 f5 56. gxf5 exf5 57. Re7+ Kf4 58. a7 h5 59. Ke1 g4 60. hxg4 hxg4 61. Rb7 Kg3 62. Rb3+ Kh4 63. Rb7 f4 64. Kf1 Kg3 65. Rb2 Rxa7 66. Ke2 f3+ 67. Ke3 Re7+ 0-1

[Event "Chigorin Memorial 2018"]
[Site "St. Petersburg"]
[Date "2018.10.30"]
[Round "4.57"]
[White "Shirshov, Nikolay"]
[Black "Isanzhulov, Arystan"]
[Result "1-0"]
[WhiteElo "2040"]
[BlackElo "2284"]
[PlyCount "133"]
[EventDate "2018.10.27"]
[EventType "swiss"]
[EventCountry "RUS"]
[WhiteTeam "Russland"]
[BlackTeam "Kasachstan"]
[WhiteTeamCountry "RUS"]
[BlackTeamCountry "KAZ"]

1. c4 Nf6 2. Nc3 d6 3. d4 Nbd7 4. e4 e5 5. d5 g6 6. Bd3 Bg7 7. Bc2 O-O 8. Be3 Nb6 9. Qe2 Ng4 10. Bd2 f5 11. exf5 gxf5 12. O-O-O e4 13. Nh3 Qh4 14. Kb1 Bd7 15. Be1 a5 16. Nb5 Bxb5 17. cxb5 Ne5 18. f3 Qe7 19. Bc3 a4 20. fxe4 f4 21. a3 Nec4 22. Bxg7 Qxg7 23. Bd3 Ne5 24. Rhf1 Qh6 25. Qd2 Nbc4 26. Bxc4 Nxc4 27. Qc1 Ne3 28. Rxf4 Rxf4 29. Qxe3 Rf6 30. Qd4 Re8 31. Rc1 Rf7 32. Qxa4 Qe3 33. Rc4 Rfe7 34. Qc2 h6 35. Nf2 Rf8 36. Ng4 Qg5 37. h3 Qg6 38. Ne3 Qe8 39. Nf5 Rh7 40. Ka2 Qf7 41. g4 b6 42. Qc1 Kh8 43. Qc3+ Qf6 44. Rxc7 Rxc7 45. Qxc7 Re8 46. Qxd6 Qg5 47. e5 Rd8 48. Qe6 h5 49. d6 hxg4 50. hxg4 Qxg4 51. Qf6+ Kh7 52. Qh6+ Kg8 53. Ne7+ Kf7 54. Qf6+ Ke8 55. Qg6+ Qxg6 56. Nxg6 Kd7 57. Ne7 Ke6 58. Nc6 Rd7 59. Kb3 Kd5 60. Kc3 Rh7 61. a4 Rh3+ 62. Kd2 Ke6 63. b4 Rg3 64. a5 bxa5 65. bxa5 Kd7 66. a6 Ra3 67. a7 1-0

[Event "Chigorin Memorial 2018"]
[Site "St. Petersburg"]
[Date "2018.10.30"]
[Round "4.58"]
[White "Kiselev, Pavel"]
[Black "Shidlovskiy, Artemiy"]
[Result "1/2-1/2"]
[WhiteElo "2278"]
[BlackElo "2073"]
[PlyCount "103"]
[EventDate "2018.10.27"]
[EventType "swiss"]
[EventCountry "RUS"]
[WhiteTeam "Russland"]
[BlackTeam "Russland"]
[WhiteTeamCountry "RUS"]
[BlackTeamCountry "RUS"]

1. d4 d5 2. c4 c6 3. Nf3 Nf6 4. Nc3 e6 5. Bf4 Bd6 6. Bxd6 Qxd6 7. e3 O-O 8. Bd3 Nbd7 9. O-O Rd8 10. Qc2 b6 11. cxd5 cxd5 12. Nb5 Qe7 13. Ne5 Nxe5 14. dxe5 Ne4 15. f3 Nc5 16. Bxh7+ Kh8 17. Nd4 Ba6 18. Nc6 Qh4 19. Nxd8 Rxd8 20. Rfc1 Qxh7 21. Qxh7+ Kxh7 22. b4 Nd3 23. Rc7 Nxb4 24. a3 Nd3 25. Rxa7 Bc4 26. Rxf7 Nxe5 27. Re7 Rd6 28. a4 Nc6 29. Rc7 Kg6 30. g4 e5 31. Rc1 Na5 32. h4 Nb3 33. Rd1 Rf6 34. Kf2 Nc5 35. h5+ Kh7 36. Kg3 Ne6 37. Re7 d4 38. exd4 exd4 39. Rd2 d3 40. Rd7 Nc5 41. Rd8 Ne6 42. Rd6 Nc5 43. Rd8 Ne6 44. Rd6 Ng5 45. R2xd3 Bxd3 46. Rxd3 Ne6 47. Rd5 Nf4 48. Re5 Nd3 49. Rd5 Nf4 50. Re5 Nd3 51. Rb5 Nf4 52. Re5 1/2-1/2

[Event "Chigorin Memorial 2018"]
[Site "St. Petersburg"]
[Date "2018.10.30"]
[Round "4.59"]
[White "Vasilyev, Vasily"]
[Black "Dmitriev, Vladimir"]
[Result "1-0"]
[WhiteElo "2272"]
[BlackElo "2031"]
[PlyCount "63"]
[EventDate "2018.10.27"]
[EventType "swiss"]
[EventCountry "RUS"]
[WhiteTeam "Russland"]
[BlackTeam "Russland"]
[WhiteTeamCountry "RUS"]
[BlackTeamCountry "RUS"]

1. d4 d5 2. c4 c6 3. Nf3 Nf6 4. g3 dxc4 5. Bg2 Bf5 6. Nc3 Qc8 7. Ne5 Bh3 8. O-O h5 9. e4 h4 10. Bxh3 Qxh3 11. g4 Nbd7 12. f3 Nxe5 13. dxe5 Rd8 14. Qe2 Nd7 15. Bf4 e6 16. Rad1 b5 17. b3 Bb4 18. Qc2 Bxc3 19. Qxc3 O-O 20. bxc4 Nc5 21. cxb5 Na4 22. Qb3 cxb5 23. Rxd8 Rxd8 24. Qxb5 Nc3 25. Qc4 Rd1 26. Rxd1 Nxd1 27. Qb3 Nb2 28. g5 Nc4 29. Kf2 Nd2 30. Qd3 f6 31. Qxd2 f5 32. g6 1-0

[Event "Chigorin Memorial 2018"]
[Site "St. Petersburg"]
[Date "2018.10.30"]
[Round "4.60"]
[White "Kiseleva, Arina"]
[Black "Ibadov, Dashgyn"]
[Result "1/2-1/2"]
[WhiteElo "2027"]
[BlackElo "2270"]
[PlyCount "98"]
[EventDate "2018.10.27"]
[EventType "swiss"]
[EventCountry "RUS"]
[WhiteTeam "Russland"]
[BlackTeam "Russland"]
[WhiteTeamCountry "RUS"]
[BlackTeamCountry "RUS"]

1. d4 e6 2. Nf3 Nf6 3. e3 b6 4. b3 Bb7 5. Bb2 c5 6. Bd3 Be7 7. O-O O-O 8. Nbd2 d6 9. h3 Nbd7 10. Rc1 Qc7 11. c4 Rac8 12. Qe2 Qb8 13. Bb1 Qa8 14. e4 cxd4 15. Nxd4 a6 16. Rfe1 Rfe8 17. a3 Bf8 18. b4 g6 19. N4f3 Bg7 20. Nb3 d5 21. e5 Ne4 22. Bxe4 dxe4 23. Ng5 Nxe5 24. Bxe5 Bxe5 25. Nxe4 Bxe4 26. Qxe4 Qxe4 27. Rxe4 Bb2 28. Rc2 Bxa3 29. c5 f5 30. Rec4 b5 31. Rd4 e5 32. Rd6 Bxb4 33. Rxa6 Kf7 34. c6 Re6 35. Rb6 Be7 36. Rxb5 Rexc6 37. Rxc6 Rxc6 38. Rxe5 Rc2 39. Kf1 Rb2 40. Re3 Bd8 41. Nc5 Rc2 42. Nd3 Bb6 43. Re2 Rc3 44. Ne5+ Kg7 45. g3 Bc7 46. Kg2 g5 47. Nf3 Kf6 48. Ra2 g4 49. Ra6+ Kg7 1/2-1/2

[Event "Chigorin Memorial 2018"]
[Site "St. Petersburg"]
[Date "2018.10.30"]
[Round "4.61"]
[White "Mkrtchyan, Mariam"]
[Black "Bykov, Oleg"]
[Result "1-0"]
[WhiteElo "2001"]
[BlackElo "2411"]
[Annotator "TA"]
[PlyCount "83"]
[EventDate "2018.10.27"]
[EventType "swiss"]
[EventCountry "RUS"]
[WhiteTeam "Armenien"]
[BlackTeam "Russland"]
[WhiteTeamCountry "ARM"]
[BlackTeamCountry "RUS"]

1. d4 d6 2. e4 Nf6 3. Nc3 Nbd7 4. Nf3 e5 5. g3 exd4 6. Nxd4 g6 7. Bg2 Bg7 8. O-O O-O 9. h3 c6 10. Re1 Qc7 11. a4 Re8 12. Bf4 Ne5 13. b3 b6 14. Qd2 Bb7 15. Rad1 Rad8 16. Bh6 Bc8 17. Bxg7 Kxg7 18. f4 Ned7 19. e5 Nxe5 20. Qf2 Neg4 21. hxg4 Nxg4 22. Qd2 d5 23. Na2 Nf6 24. Qc3 Rxe1+ 25. Rxe1 c5 26. Nb5 Qd7 27. Nc1 h5 28. Nd3 h4 29. gxh4 Qg4 30. Re7 Qxh4 31. Qe5 Bh3 32. Qg5 Qxg5 33. fxg5 Bxg2 34. Ne5 Ne4 35. Nxf7 Rf8 36. Nfd6+ Kg8 37. Kxg2 Nxg5 38. Rxa7 Nf3 39. Re7 g5 40. Nc7 Nh4+ 41. Kg3 Rd8 42. Nce8 1-0

[Event "Chigorin Memorial 2018"]
[Site "St. Petersburg"]
[Date "2018.10.30"]
[Round "4.62"]
[White "Stupak, Kirill"]
[Black "Gorovenko, Darya"]
[Result "1-0"]
[WhiteElo "2583"]
[BlackElo "2109"]
[Annotator "TA"]
[PlyCount "163"]
[EventDate "2018.10.27"]
[EventType "swiss"]
[EventCountry "RUS"]
[WhiteTeam "Weißrussland"]
[BlackTeam "Russland"]
[WhiteTeamCountry "BLR"]
[BlackTeamCountry "RUS"]

1. d4 Nf6 2. c4 g6 3. g3 Bg7 4. Bg2 d5 5. Nf3 O-O 6. O-O dxc4 7. Na3 c3 8. bxc3 c5 9. e3 Nc6 10. Qe2 Bf5 11. Rd1 Qa5 12. Bb2 cxd4 13. cxd4 Rac8 14. Nd2 Qb4 15. Nb3 Be4 16. f3 Bd5 17. Nc5 Na5 18. Bc1 Bc4 19. Qd2 Nd5 20. Qxb4 Nxb4 21. Bd2 Nbc6 22. Be1 b6 23. Ne4 Rfd8 24. f4 Nxd4 25. Bxa5 Ne2+ 26. Kf2 Bxa1 27. Rxd8+ Rxd8 28. Nxc4 Nxf4 29. gxf4 bxa5 30. Ke2 a4 31. Ned2 Bc3 32. Bc6 a3 33. Ba4 Rd5 34. Nf3 Kg7 35. Bb3 Rh5 36. Nxa3 e5 37. Nb5 e4 38. Nxc3 exf3+ 39. Kxf3 Rxh2 40. Nb5 a5 41. e4 a4 42. Bd5 Rh3+ 43. Kf2 Rh2+ 44. Ke3 Rh3+ 45. Kf2 Rh2+ 46. Kg3 Rd2 47. Bc4 h5 48. e5 Kf8 49. Kf3 Ke7 50. Nd6 h4 51. Kg4 Rd4 52. Bxf7 h3 53. Kxh3 Rxf4 54. Bd5 Rd4 55. Bc4 a3 56. Kg3 Kd7 57. Bf7 Rd2 58. Ne4 Re2 59. Kf4 Ke7 60. Bb3 Re1 61. Bc4 Rc1 62. Nd6 Rc2 63. Bb3 Rb2 64. Bg8 Re2 65. Bc4 Rc2 66. Ke4 Rc1 67. Bb3 Rb1 68. Bc4 Rc1 69. Kf4 Rc2 70. Bg8 Re2 71. Ne4 Re1 72. Bb3 Rb1 73. Nc3 Rb2 74. Nd5+ Ke6 75. Bc4 Rh2 76. Ke4 g5 77. Ne3+ Ke7 78. Nf5+ Ke8 79. e6 Rb2 80. Bb5+ Rxb5 81. Nd6+ Ke7 82. Nxb5 1-0

[Event "Chigorin Memorial 2018"]
[Site "St. Petersburg"]
[Date "2018.10.30"]
[Round "4.63"]
[White "Ofitserian, Boris"]
[Black "Vetokhin, Ilia"]
[Result "1-0"]
[WhiteElo "2411"]
[BlackElo "2082"]
[Annotator "RC"]
[PlyCount "55"]
[EventDate "2018.10.27"]
[EventType "swiss"]
[EventCountry "RUS"]
[WhiteTeam "Russland"]
[BlackTeam "Russland"]
[WhiteTeamCountry "RUS"]
[BlackTeamCountry "RUS"]

1. c4 g6 2. d4 Nf6 3. Nc3 Bg7 4. e4 d6 5. Nf3 O-O 6. h3 e5 7. d5 a5 8. Be3 Na6 9. Be2 Nd7 10. a3 Nac5 11. b4 Na6 12. g4 f5 13. gxf5 gxf5 14. exf5 Nf6 15. Ng5 Bxf5 16. Bg4 Qc8 17. Bxf5 Qxf5 18. Qb1 e4 19. Rg1 Kh8 20. Ne6 Rf7 21. Ne2 Nh5 22. N2d4 Qxh3 23. Ng5 Qd7 24. Qxe4 Nf6 25. Qf5 Qxf5 26. Nxf7+ Kg8 27. Nh6+ Kf8 28. Nhxf5 1-0

[Event "Chigorin Memorial 2018"]
[Site "St. Petersburg"]
[Date "2018.10.30"]
[Round "4.64"]
[White "Mustafayev, Farid"]
[Black "Yashmetov, Mikhail"]
[Result "1-0"]
[WhiteElo "2109"]
[BlackElo "2394"]
[PlyCount "99"]
[EventDate "2018.10.27"]
[EventType "swiss"]
[EventCountry "RUS"]
[WhiteTeam "Aserbeidschan"]
[BlackTeam "Russland"]
[WhiteTeamCountry "AZE"]
[BlackTeamCountry "RUS"]

1. e4 g6 2. d4 Bg7 3. Nf3 a6 4. Bd3 d6 5. O-O c5 6. dxc5 dxc5 7. a4 Nc6 8. c3 Bg4 9. Be2 Nf6 10. Qc2 O-O 11. Bf4 Nh5 12. Be3 Qc7 13. h3 Bd7 14. Rd1 b6 15. Na3 Na5 16. g4 Nf6 17. e5 Ne8 18. b4 Nc6 19. Qe4 Rd8 20. Bf4 Qb7 21. bxc5 Nc7 22. cxb6 Ne6 23. Be3 Bc8 24. Nc4 Ncd4 25. Qxb7 Nxe2+ 26. Kf1 Bxb7 27. Kxe2 Rc8 28. Nfd2 Bd5 29. Na5 Bxe5 30. c4 Bg2 31. f3 f5 32. b7 Rce8 33. gxf5 Rxf5 34. Nc6 Bb8 35. Rab1 Nc5 36. Nxb8 Rxb8 37. Rg1 Bxh3 38. Rg3 Rxb7 39. Rxb7 Nxb7 40. Rxh3 Ra5 41. Bb6 Rxa4 42. c5 Na5 43. Bxa5 Rxa5 44. Ne4 Rb5 45. Ke3 e5 46. Rh1 Rb3+ 47. Ke2 Rb2+ 48. Kd3 Rb3+ 49. Kc4 Rxf3 50. c6 1-0

[Event "Chigorin Memorial 2018"]
[Site "St. Petersburg"]
[Date "2018.10.30"]
[Round "4.65"]
[White "Don, Aleksandr"]
[Black "Gogolev, Artem"]
[Result "0-1"]
[WhiteElo "2086"]
[BlackElo "2389"]
[PlyCount "144"]
[EventDate "2018.10.27"]
[EventType "swiss"]
[EventCountry "RUS"]
[WhiteTeam "Russland"]
[BlackTeam "Russland"]
[WhiteTeamCountry "RUS"]
[BlackTeamCountry "RUS"]

1. d4 Nf6 2. c4 e6 3. Nc3 d5 4. cxd5 exd5 5. Bg5 Bb4 6. e3 h6 7. Bh4 g5 8. Bg3 Ne4 9. Qc2 Nxg3 10. hxg3 Be6 11. Nf3 Nd7 12. Bd3 Qf6 13. a3 Ba5 14. b4 Bb6 15. Na4 c6 16. Rb1 Rc8 17. Kf1 h5 18. Nc5 Bxc5 19. bxc5 b5 20. Ng1 a5 21. Ne2 Kf8 22. f3 h4 23. Kf2 Kg7 24. Rbf1 h3 25. g4 Bxg4 26. Ng3 hxg2 27. Kxg2 Rxh1 28. Nxh1 Be6 29. Ng3 Rh8 30. Bf5 Bxf5 31. Qxf5 Qxf5 32. Nxf5+ Kf6 33. Nd6 Rb8 34. e4 Ke6 35. Rb1 Nf8 36. Kf2 Ng6 37. Ke3 Rh8 38. Nb7 a4 39. Rg1 f6 40. Nd6 Rh2 41. exd5+ Kxd5 42. Ne4 Nf4 43. Nxf6+ Ke6 44. Rxg5 Kxf6 45. Kxf4 Rh4+ 46. Rg4 Rxg4+ 47. fxg4 b4 48. g5+ Ke7 49. d5 cxd5 50. c6 bxa3 51. c7 Kd7 52. c8=Q+ Kxc8 53. g6 a2 54. g7 a1=Q 55. g8=Q+ Kc7 56. Qxd5 Qc1+ 57. Kg4 Kb6 58. Qd8+ Kb5 59. Qb8+ Ka5 60. Kf3 Qc4 61. Qa8+ Kb4 62. Qb7+ Kc3 63. Qg7+ Kc2 64. Qg2+ Kb3 65. Qg1 Qc3+ 66. Ke2 Qc2+ 67. Kf3 a3 68. Qb6+ Kc3 69. Ke3 a2 70. Qd4+ Kb3 71. Qb6+ Ka3 72. Qd4 Qb3+ 0-1

[Event "Chigorin Memorial 2018"]
[Site "St. Petersburg"]
[Date "2018.10.30"]
[Round "4.66"]
[White "Karasev, Vladimir I"]
[Black "Aseev, Vladimir"]
[Result "1-0"]
[WhiteElo "2338"]
[BlackElo "2063"]
[PlyCount "110"]
[EventDate "2018.10.27"]
[EventType "swiss"]
[EventCountry "RUS"]
[WhiteTeam "Russland"]
[BlackTeam "Russland"]
[WhiteTeamCountry "RUS"]
[BlackTeamCountry "RUS"]

1. c4 Nf6 2. d4 d6 3. Nf3 Nbd7 4. Nc3 e5 5. e4 Be7 6. Be2 O-O 7. O-O exd4 8. Nxd4 Nc5 9. f3 a5 10. Be3 c6 11. Qd2 Qc7 12. Rac1 Rd8 13. Kh1 a4 14. Rfd1 Ne8 15. Qe1 g6 16. Qg3 Ng7 17. f4 f5 18. exf5 Bxf5 19. Qf2 Bc8 20. Bf3 Rf8 21. Ne4 Nce6 22. Nxe6 Bxe6 23. Bb6 Qb8 24. Qd2 Nf5 25. Ng5 Bf7 26. Nxf7 Rxf7 27. Bf2 h5 28. Re1 Qf8 29. Re4 Bf6 30. Rce1 Qg7 31. Re8+ Rf8 32. Rxa8 Rxa8 33. Re2 Qf7 34. Qd3 Kg7 35. Bxh5 Rh8 36. Bg4 Qd7 37. h3 Rd8 38. Bxf5 gxf5 39. Bd4 Rf8 40. Bxf6+ Rxf6 41. Qd4 Kf7 42. Kh2 Re6 43. Re5 Re7 44. Re3 Rxe3 45. Qxe3 d5 46. cxd5 cxd5 47. Qd4 b5 48. Qh8 Kg6 49. Qg8+ Kf6 50. g4 fxg4 51. Qxg4 Qc6 52. Qg5+ Kf7 53. Qf5+ Kg7 54. Qe5+ Kf7 55. Kg3 Qg6+ 1-0

[Event "Chigorin Memorial 2018"]
[Site "St. Petersburg"]
[Date "2018.10.30"]
[Round "4.67"]
[White "Volkov, Roman"]
[Black "Fraiman, Dmitry"]
[Result "1/2-1/2"]
[WhiteElo "2070"]
[BlackElo "2323"]
[PlyCount "131"]
[EventDate "2018.10.27"]
[EventType "swiss"]
[EventCountry "RUS"]
[WhiteTeam "Russland"]
[BlackTeam "Russland"]
[WhiteTeamCountry "RUS"]
[BlackTeamCountry "RUS"]

1. e4 c5 2. Nf3 d6 3. d4 cxd4 4. Nxd4 Nf6 5. Nc3 a6 6. h3 b5 7. Nd5 e6 8. Nxf6+ Qxf6 9. g3 Bb7 10. Bg2 Nd7 11. O-O Qd8 12. Qe2 Be7 13. c3 O-O 14. a4 bxa4 15. Rxa4 Nb6 16. Ra2 Qc7 17. Rd1 Rfd8 18. Bf1 Rdc8 19. Nb3 Rab8 20. Na5 Ba8 21. Bf4 Nd7 22. Bg2 Rb5 23. Rda1 e5 24. Bd2 h6 25. c4 Rbb8 26. b4 Nf6 27. Kh2 Kh8 28. f3 Nd7 29. Bf1 Nb6 30. Rc1 Qd8 31. Rcc2 Nd7 32. Rab2 Nf8 33. Be3 Ne6 34. Qf2 Nd4 35. Bxd4 exd4 36. Bd3 Bf6 37. Qe1 Bg5 38. b5 axb5 39. cxb5 Rxc2+ 40. Rxc2 Rc8 41. Rxc8 Qxc8 42. b6 Bd8 43. Qb1 Qb8 44. b7 Bxa5 45. bxa8=R Qxa8 46. Qa2 Qa7 47. Qa4 g6 48. e5 dxe5 49. Qe8+ Kh7 50. Qxe5 Bc3 51. Qd5 Qe7 52. Qe4 Qf6 53. h4 h5 54. Kg2 Bd2 55. f4 Be3 56. Bc2 Qd6 57. f5 Qf6 58. fxg6+ fxg6 59. Qf3 Qe6 60. Qe4 Qd6 61. Bd3 Kg7 62. Qb7+ Kf8 63. Qc8+ Kg7 64. Qb7+ Kf8 65. Qc8+ Kg7 66. Qb7+ 1/2-1/2

[Event "Chigorin Memorial 2018"]
[Site "St. Petersburg"]
[Date "2018.10.30"]
[Round "4.68"]
[White "Fedotov, Alexey"]
[Black "Korennoi, Viktor"]
[Result "0-1"]
[WhiteElo "2057"]
[BlackElo "2306"]
[PlyCount "82"]
[EventDate "2018.10.27"]
[EventType "swiss"]
[EventCountry "RUS"]
[WhiteTeam "Russland"]
[BlackTeam "Russland"]
[WhiteTeamCountry "RUS"]
[BlackTeamCountry "RUS"]

1. d4 Nf6 2. c4 e6 3. Nc3 Bb4 4. e3 O-O 5. Nge2 d5 6. a3 Bd6 7. Ng3 c6 8. Be2 Nbd7 9. O-O dxc4 10. Bxc4 e5 11. Ba2 Nb6 12. dxe5 Bxe5 13. Qc2 Re8 14. f4 Bc7 15. Rd1 Qe7 16. e4 Ng4 17. Nce2 Nd5 18. Bxd5 Bb6+ 19. Nd4 cxd5 20. h3 Qh4 21. Qc3 dxe4 22. hxg4 Bxg4 23. Re1 Rac8 24. Qb4 Qxg3 25. Be3 Bxd4 26. Qxd4 Rcd8 27. Qc4 a6 28. Rac1 h5 29. Qf1 h4 30. Rc3 h3 31. Bb6 Bf3 32. Bxd8 hxg2 33. Qe2 Rxd8 34. Qxe4 Qh4 35. Qe3 Rd1 36. Rxd1 Qh1+ 37. Kf2 Qxd1 38. Rc8+ Kh7 39. Kg3 g1=Q+ 40. Qxg1 Qxg1+ 41. Kxf3 Qf1+ 0-1

[Event "Chigorin Memorial 2018"]
[Site "St. Petersburg"]
[Date "2018.10.30"]
[Round "4.69"]
[White "Khakimov, Timur"]
[Black "Kruglikov, Alexander"]
[Result "1-0"]
[WhiteElo "2288"]
[BlackElo "2003"]
[PlyCount "57"]
[EventDate "2018.10.27"]
[EventType "swiss"]
[EventCountry "RUS"]
[WhiteTeam "Russland"]
[BlackTeam "Russland"]
[WhiteTeamCountry "RUS"]
[BlackTeamCountry "RUS"]

1. d4 e6 2. Nf3 Nf6 3. Bg5 Be7 4. e3 d5 5. Nbd2 b6 6. Ne5 Bb7 7. Bb5+ c6 8. Bd3 O-O 9. Qf3 Nbd7 10. Qh3 g6 11. Ndf3 Nxe5 12. Nxe5 Ne4 13. Bh6 Re8 14. Bf4 Bf6 15. f3 Nd6 16. Ng4 Nf5 17. O-O h5 18. Nxf6+ Qxf6 19. c3 c5 20. Rae1 cxd4 21. exd4 Ng7 22. Be5 Qe7 23. Qg3 Kh7 24. Qf4 Rg8 25. Bf6 Qd7 26. Re5 Nf5 27. g4 g5 28. Rxf5 Rg6 29. Rxg5 1-0

[Event "Chigorin Memorial 2018"]
[Site "St. Petersburg"]
[Date "2018.10.30"]
[Round "4.70"]
[White "Nazarova, Anastasia"]
[Black "Leontiev, Aleksandr V."]
[Result "1-0"]
[WhiteElo "2055"]
[BlackElo "2276"]
[PlyCount "103"]
[EventDate "2018.10.27"]
[EventType "swiss"]
[EventCountry "RUS"]
[WhiteTeam "Finnland"]
[BlackTeam "Russland"]
[WhiteTeamCountry "FIN"]
[BlackTeamCountry "RUS"]

1. e4 Nf6 2. e5 Nd5 3. d4 d6 4. c4 Nb6 5. exd6 cxd6 6. Nc3 g6 7. Be3 Bg7 8. Rc1 O-O 9. b3 d5 10. c5 N6d7 11. Nxd5 Nc6 12. Nf3 e6 13. Nc3 Qa5 14. Qd2 Rd8 15. Nb5 Qxd2+ 16. Kxd2 e5 17. d5 Nf6 18. d6 b6 19. cxb6 a6 20. Nc7 Rxd6+ 21. Ke1 Rb8 22. Bxa6 Bxa6 23. Nxa6 Rb7 24. b4 Nd5 25. Bc5 Rd8 26. a4 e4 27. b5 Na5 28. Nd2 Bc3 29. Rxc3 Nxc3 30. Bb4 Nxa4 31. Bxa5 Nxb6 32. Ke2 Rd5 33. Bxb6 Rxb6 34. Nc4 Rdxb5 35. Nxb6 Rxb6 36. Nc5 f5 37. Rd1 Kg7 38. Ke3 g5 39. g4 fxg4 40. Nxe4 h6 41. Ng3 Kg6 42. Rd8 Rb3+ 43. Ke2 Rb2+ 44. Kf1 Rb6 45. Kg2 Re6 46. Nf1 h5 47. Rg8+ Kf6 48. Ng3 h4 49. Nh5+ Kf7 50. Rg7+ Kf8 51. Rxg5 Re4 52. Nf6 1-0

[Event "Chigorin Memorial 2018"]
[Site "St. Petersburg"]
[Date "2018.10.30"]
[Round "4.71"]
[White "Postnikov, Artem"]
[Black "Yarosh, Ruslan"]
[Result "1/2-1/2"]
[WhiteElo "2270"]
[BlackElo "1981"]
[PlyCount "38"]
[EventDate "2018.10.27"]
[EventType "swiss"]
[EventCountry "RUS"]
[WhiteTeam "Russland"]
[BlackTeam "Russland"]
[WhiteTeamCountry "RUS"]
[BlackTeamCountry "RUS"]

1. e4 d5 2. exd5 Qxd5 3. Nc3 Qd8 4. d4 Nf6 5. Nf3 Bg4 6. h3 Bxf3 7. Qxf3 c6 8. Be3 e6 9. Bd3 Nbd7 10. O-O-O Bb4 11. Ne2 Nb6 12. c4 Qe7 13. a3 Bxa3 14. bxa3 Qxa3+ 15. Kd2 Qb4+ 16. Kc2 Qa4+ 17. Kd2 Qb4+ 18. Kc2 Qa4+ 19. Kd2 Qb4+ 1/2-1/2

[Event "Chigorin Memorial 2018"]
[Site "St. Petersburg"]
[Date "2018.10.30"]
[Round "4.72"]
[White "Shapar, Tatiana"]
[Black "Andreev, Konstantin"]
[Result "0-1"]
[WhiteElo "2034"]
[BlackElo "2265"]
[PlyCount "112"]
[EventDate "2018.10.27"]
[EventType "swiss"]
[EventCountry "RUS"]
[WhiteTeam "Russland"]
[BlackTeam "Russland"]
[WhiteTeamCountry "RUS"]
[BlackTeamCountry "RUS"]

1. e4 e5 2. Nf3 Nc6 3. Bb5 a6 4. Ba4 Nf6 5. O-O Be7 6. Re1 b5 7. Bb3 O-O 8. c3 d6 9. h3 Be6 10. d4 Bxb3 11. axb3 exd4 12. cxd4 d5 13. e5 Ne4 14. Nc3 f5 15. exf6 Nxf6 16. Qe2 Bd6 17. Bg5 Nb4 18. Qe6+ Kh8 19. Ne5 Qe8 20. Qxe8 Nxe8 21. Nd7 Rf5 22. Bd2 Rd8 23. g4 Rf7 24. Ne5 Re7 25. Bg5 Nf6 26. Re2 c5 27. Nf3 Rxe2 28. Nxe2 c4 29. Ne5 Kg8 30. Bd2 Ra8 31. bxc4 dxc4 32. Bxb4 Bxb4 33. Nc3 Bxc3 34. bxc3 Nd5 35. Ra3 g5 36. Kg2 Nf4+ 37. Kg3 Kf8 38. h4 h6 39. hxg5 hxg5 40. Nf3 b4 41. cxb4 c3 42. Ra2 Nd5 43. Rc2 Rc8 44. Nxg5 Nxb4 45. Rc1 Rc4 46. Ne6+ Kf7 47. Nc5 c2 48. Kf4 Na2 49. Rxc2 Rxc2 50. Nxa6 Rxf2+ 51. Ke5 Ke7 52. g5 Nc3 53. Nc5 Rg2 54. Kf5 Kf7 55. Nd3 Rd2 56. g6+ Kg8 0-1

[Event "Chigorin Memorial 2018"]
[Site "St. Petersburg"]
[Date "2018.10.30"]
[Round "4.73"]
[White "Semenova, Elena"]
[Black "Putrenko, Kirill"]
[Result "1-0"]
[WhiteElo "2263"]
[BlackElo "1955"]
[PlyCount "119"]
[EventDate "2018.10.27"]
[EventType "swiss"]
[EventCountry "RUS"]
[WhiteTeam "Russland"]
[BlackTeam "Russland"]
[WhiteTeamCountry "RUS"]
[BlackTeamCountry "RUS"]

1. e4 g6 2. d4 Bg7 3. Nc3 c6 4. f4 d5 5. e5 h5 6. Nf3 Nh6 7. Be3 Bg4 8. Bd3 e6 9. Bf2 Nf5 10. h3 Bxf3 11. Qxf3 h4 12. O-O-O Bf8 13. Ne2 Nd7 14. Bxf5 gxf5 15. Kb1 Be7 16. g4 hxg3 17. Bxg3 Nf8 18. Qb3 b5 19. Qc3 Rc8 20. h4 Bxh4 21. Rh2 Ng6 22. Rdh1 Kd7 23. Bxh4 Rxh4 24. Rxh4 Nxh4 25. Qa3 Ng6 26. Qxa7+ Rc7 27. Qa3 Qe7 28. Qe3 Rc8 29. Nc1 Rh8 30. Rxh8 Nxh8 31. Qh3 Ng6 32. Nd3 Qh4 33. Qxh4 Nxh4 34. Kc1 Kc7 35. Kd2 Kb6 36. Ke3 Ng2+ 37. Kf2 Nh4 38. Nc5 Ng6 39. Kg3 Kc7 40. c3 Kc8 41. b3 Kc7 42. a3 Kb6 43. Nd3 Kc7 44. Nc5 Kb6 45. Nd7+ Kc7 46. Nf6 Kc8 47. Ng8 Kc7 48. Nh6 Nh8 49. Kh4 Kd7 50. Kg5 Kc7 51. Ng8 Ng6 52. Nf6 Nh8 53. Nh5 Kd8 54. Kf6 Ke8 55. a4 bxa4 56. bxa4 Ng6 57. Ng7+ Kd7 58. Nxe6 Nh4 59. Kxf7 Ng2 60. Nc5+ 1-0

[Event "Chigorin Memorial 2018"]
[Site "St. Petersburg"]
[Date "2018.10.30"]
[Round "4.74"]
[White "Gagare, Shalmali"]
[Black "Danielyan, Vahe"]
[Result "0-1"]
[WhiteElo "2013"]
[BlackElo "2256"]
[PlyCount "118"]
[EventDate "2018.10.27"]
[EventType "swiss"]
[EventCountry "RUS"]
[WhiteTeam "Indien"]
[BlackTeam "Armenien"]
[WhiteTeamCountry "IND"]
[BlackTeamCountry "ARM"]

1. e4 c5 2. Nf3 Nc6 3. Bb5 e6 4. O-O Nge7 5. Re1 a6 6. Bf1 Ng6 7. c3 Be7 8. d4 cxd4 9. Nxd4 O-O 10. Be3 Qc7 11. g3 b5 12. Nd2 Bb7 13. Rc1 d6 14. Qe2 Rac8 15. Nxc6 Bxc6 16. Bg2 Qb7 17. f3 Ne5 18. f4 Nd7 19. Bf2 Bd8 20. Nb3 e5 21. Rcd1 Re8 22. f5 Bc7 23. g4 a5 24. Rd3 a4 25. Nd2 Nb6 26. g5 d5 27. Rh3 g6 28. Qg4 Bd8 29. Rh6 Nd7 30. Qh4 Nf8 31. f6 b4 32. Re3 Bd7 33. exd5 a3 34. d6 Qb6 35. Rh3 Bxh3 36. Bxb6 Bxb6+ 37. Kf1 Bxg2+ 38. Kxg2 Re6 39. Qxb4 Bc5 40. Qb7 Rxd6 41. Nc4 Rdc6 42. Nxe5 R6c7 43. Qb3 axb2 44. Qxb2 Bd6 45. Nf3 Rxc3 46. Qb6 Rc2+ 47. Kh3 R2c6 48. Qd4 Ne6 49. Qa7 Rc3 50. Rxh7 Nxg5+ 51. Kg2 Nxh7 52. Qd7 Rc2+ 53. Kh3 Bf8 54. Kg3 Nxf6 55. Qd4 Nh5+ 56. Kh3 R8c3 57. Qe4 Rf2 58. Qb7 Rfxf3+ 59. Kg2 Nf4+ 0-1